00671cam a22002051 4500001001300000003000400013005001700017008004100034010001700075035002000092040002500112042001200137050001900149100004200168240002100210245015000231260004100381300001800422650002500440he 67002334 DLC20260227111451.0880623s1683 gw 000 0 hebr  ahe 67002334  a(OCoLC)18126802 aDLCcCoDUdCoDUdDLC apremarc00aBM522.59b.A521 aKaidanover, Aaron Samuel,d1614-1676.10aEmunat Shemuʼel10aSefer Emunat shemuʼel ...bsheʼelot u-teshuvot leha-Gaʼon Aharon Shemuʼel Ḳaidanover.cṾe-huva le-vet ha-defus ʻa.y. Tsevi Ḳaidanover. aṾranḳvurṭ de-Main,c443 [1683] a64 l.c20 cm. 0aResponsay1600-1800.